Statistics for Rivers and Their River Mouth Countries

Click here to take the quiz!

General Stats

  • This quiz has been taken 52 times
  • The average score is 14 of 17

Answer Stats

RiverCountry% Correct
NileEgypt
100%
AmazonBrazil
91%
RhineNetherlands
91%
VolgaRussia
91%
MekongVietnam
91%
GangesBangladesh
89%
YellowChina
89%
NigerNigeria
89%
Rio GrandeUnited States/Mexico
89%
JordanJordan/Palestine
85%
IndusPakistan
85%
MackenzieCanada
83%
DanubeUkraine/Romania
80%
ZambeziMozambique
76%
UralKazakhstan
70%
OderPoland
63%
OrinocoVenezuela
63%

Score Distribution

Percentile by Number Answered

Percent of People with Each Score

Your Score History

You have not taken this quiz